Anak gajah kehilangan ibu

Bibliographic Details
Main Author: Abdullah Ishak
Format: Book
Published: Kuala Lumpur : Pustaka Prinsip , 2005
Series:Siri cerita alam haiwan
Subjects:

MARC

LEADER 00000cam a2200000 7i4500
001 0000000651
005 20151222.0
008 070702
020 |a 983053328X(set) 
020 |a 9830533301 
090 0 0 |a JF   |b ANM MAL (576) 
100 0 |a Abdullah Ishak 
245 1 0 |a Anak gajah kehilangan ibu   |c Abdullah Ishak 
260 |a Kuala Lumpur :   |b Pustaka Prinsip ,   |c 2005 
440 |a Siri cerita alam haiwan 
500 |a Children ages 7-9 years old (orange) 
650 0 |a Malay language   |x Readers   |x Animals 
999 |a 0000959699   |b Book   |c Children Collection   |e Cawangan Pontian 
999 |a 0000959700   |b Book   |c Children Collection   |e Perbadanan Perpustakaan Awam Johor 
999 |a 0000959701   |b Book   |c Children Collection   |e Cawangan Bandar Penawar 
999 |a 0000959702   |b Book   |c Children Collection   |e Perbadanan Perpustakaan Awam Johor 
999 |a 0000959703   |b Book   |c Children Collection   |e Cawangan Bandar Tenggara